000 00230nam a22001097a 4500
041 _aENG
245 _aShariy mruda ke subhar ke liye Karnal Ghas
260 _aDelhi
_bICER
_c1986
300 _a09
650 _aGAE
856 _uGAE
999 _c2629
_d2629